Normal view
MARC view
- Real Face of India India-Minorities
Entry Topical Term
001 - CONTROL NUMBER
- control field: 72530
003 - CONTROL NUMBER IDENTIFIER
- control field: NUST
005 - DATE AND TIME OF LATEST TRANSACTION
- control field: 20210628204820.0
008 - FIXED-LENGTH DATA ELEMENTS
- fixed length control field: 210628|| aca||aabn | a|a d
040 ## - CATALOGING SOURCE
- Original cataloging agency: NUST
- Transcribing agency: NUST
150 ## - HEADING--TOPICAL TERM
- Topical term or geographic name entry element: Real Face of India India-Minorities
670 ## - SOURCE DATA FOUND
- Source citation: Work cat.: (NUST): Junaid Ahmad. 72529, India An Apartheid State, 2017
